00749 2200229 4500001002100000005001500021035002000036007000300056008004100059020002200100082001400122084002000136100003700156245020500193250001300398260003200411300002500443650002100468990001000489990001000499990001000509INLIS00000000000037520170926113257 a0010-0917000361ta170926 f i ind  a978-979-1254-01-4 a297.122.6 a297.122.6 ABD t0 aAbdurrahman bin Nashir As Sa'adi1 aTafsir Al Qur'an Jilid 5 :bSurat : Al Mu'minun, An Nur, Al Furqan, Asy Syu'ara, An Naml, Al Qashash, Al Ankabut, Ar rum, Luqman, As Sajadah, Al Ahzab, Saba' /cSyaikh Abdurrahman bin Nashir As Sa'adi aCet VIII aJakarta :bDarul Haq,c2016 a709hlm ;c15 x 24 cm aTafsir Al Qur'an a4869a a4869b a4869c